00542nam a22001937a 450000500170000001000370001702000260005403500230008003500170010303500130012003700120013303700180014508200100016310000200017324500470019326000390024027000420027930000270032120230530155322.0 a1617EN ENG-115294 ENG-137057 a9789351866077c350.00 aEN-98826 EN-120589 aB-647904-933 aB-667801 bprabhat bDBAD/PUBadpl a613.7 aChaturvedi,Anil a101 weight loss tips /bby Anil Chaturvedi aNew DelhibPrabhat Prakashanc2016 a4/19,Asaf Ali RoadbNew Delhie110002 a240p. :billc22cm(Hb)